<?xml version="1.0" encoding="UTF-8"?>
<record
    xmlns:xsi="http://www.w3.org/2001/XMLSchema-instance"
    xsi:schemaLocation="http://www.loc.gov/MARC21/slim http://www.loc.gov/standards/marcxml/schema/MARC21slim.xsd"
    xmlns="http://www.loc.gov/MARC21/slim">

  <leader>02253cam a22003494i 4500</leader>
  <controlfield tag="003">PE-LiUPU</controlfield>
  <controlfield tag="005">20250923105424.0</controlfield>
  <controlfield tag="008">2020xxxxes     pe a    rb    000 0 spa d</controlfield>
  <datafield tag="020" ind1=" " ind2=" ">
    <subfield code="a">9788412023527</subfield>
  </datafield>
  <datafield tag="035" ind1=" " ind2=" ">
    <subfield code="a">PE-LiUPU000013</subfield>
  </datafield>
  <datafield tag="040" ind1=" " ind2=" ">
    <subfield code="a">PE-LiUPU</subfield>
    <subfield code="b">spa</subfield>
    <subfield code="c">PE-LiUPU</subfield>
    <subfield code="e">rda</subfield>
  </datafield>
  <datafield tag="082" ind1="0" ind2="4">
    <subfield code="a">668.54</subfield>
    <subfield code="b">R934u</subfield>
    <subfield code="2">23</subfield>
  </datafield>
  <datafield tag="100" ind1=" " ind2=" ">
    <subfield code="a">Ruiz Garc&#xED;a, Manuel,</subfield>
    <subfield code="e">autor.</subfield>
    <subfield code="9">6891</subfield>
  </datafield>
  <datafield tag="245" ind1="1" ind2="4">
    <subfield code="a">El mundo de los aceites esenciales :</subfield>
    <subfield code="b">la gu&#xED;a definitiva /</subfield>
    <subfield code="c">Por Manuel Ruiz Garc&#xED;a, &#xC1;lex R. Cardenete y Jes&#xFA;s R. Cardenete.</subfield>
  </datafield>
  <datafield tag="264" ind1=" " ind2="1">
    <subfield code="a">Madrid :</subfield>
    <subfield code="b">AMV Ediciones,</subfield>
    <subfield code="c">2020.</subfield>
  </datafield>
  <datafield tag="300" ind1=" " ind2=" ">
    <subfield code="a">317 p&#xE1;ginas :</subfield>
    <subfield code="b">ilustraciones a color ;</subfield>
    <subfield code="c">24 cm</subfield>
  </datafield>
  <datafield tag="336" ind1=" " ind2=" ">
    <subfield code="a">texto</subfield>
    <subfield code="2">rdacontent</subfield>
  </datafield>
  <datafield tag="337" ind1=" " ind2=" ">
    <subfield code="a">unmediated</subfield>
    <subfield code="2">rdamedia</subfield>
  </datafield>
  <datafield tag="338" ind1=" " ind2=" ">
    <subfield code="a">volumen</subfield>
    <subfield code="2">rdacarrier</subfield>
  </datafield>
  <datafield tag="504" ind1=" " ind2=" ">
    <subfield code="a">Incluye &#xED;ndice tem&#xE1;tico, glosario, ap&#xE9;ndices y monograf&#xED;as de aceites esenciales.</subfield>
  </datafield>
  <datafield tag="505" ind1="0" ind2=" ">
    <subfield code="a">Sistemas de recolecci&#xF3;n y producci&#xF3;n -- Calidad de los aceites esenciales -- An&#xE1;lisis, control e investigaci&#xF3;n de los aceites esenciales -- Monograf&#xED;as de aceites esenciales espa&#xF1;oles -- Monograf&#xED;as de aceites esenciales no espa&#xF1;oles -- Aceites esenciales ecol&#xF3;gicos -- -- Aceites esenciales deterpenados , sesquideterpenados y Top Notes -- Comentarios a las monograf&#xED;as desarrolladas -- Identificaci&#xF3;n de la presencia y porcentaje d unos o varios aceites en una fragancia, aroma alimentario u otra composici&#xF3;n --  Ep&#xED;logo -- Glosario.</subfield>
  </datafield>
  <datafield tag="520" ind1=" " ind2=" ">
    <subfield code="a">Gu&#xED;a completa y actualizada sobre aceites esenciales, con enfoque t&#xE9;cnico y divulgativo: identificaci&#xF3;n, quimiotipos, propiedades, historia y aplicaciones. Incluye monograf&#xED;as por tipo de aceite y regi&#xF3;n, orientado a investigadores, terapeutas y p&#xFA;blico interesado en aromaterapia.</subfield>
  </datafield>
  <datafield tag="650" ind1="1" ind2="4">
    <subfield code="a">Aceites esenciales</subfield>
    <subfield code="x">Producci&#xF3;n.</subfield>
    <subfield code="9">6892</subfield>
  </datafield>
  <datafield tag="650" ind1="2" ind2="4">
    <subfield code="a">Aceites esenciales</subfield>
    <subfield code="x">Propiedades qu&#xED;micas.</subfield>
    <subfield code="9">6893</subfield>
  </datafield>
  <datafield tag="650" ind1="2" ind2="4">
    <subfield code="a">Aceites esenciales</subfield>
    <subfield code="x">Aplicaciones terap&#xE9;uticas.</subfield>
    <subfield code="9">6894</subfield>
  </datafield>
  <datafield tag="650" ind1="2" ind2="4">
    <subfield code="a">Aromaterapia</subfield>
    <subfield code="x">Gu&#xED;as y manuales.</subfield>
    <subfield code="9">6895</subfield>
  </datafield>
  <datafield tag="700" ind1=" " ind2=" ">
    <subfield code="a">Cardenete, &#xC1;lex R.,</subfield>
    <subfield code="e">autor.</subfield>
    <subfield code="9">6896</subfield>
  </datafield>
  <datafield tag="700" ind1=" " ind2=" ">
    <subfield code="a">Cardenete, Jes&#xFA;s R.,</subfield>
    <subfield code="e">autor.</subfield>
    <subfield code="9">6897</subfield>
  </datafield>
  <datafield tag="856" ind1="4" ind2="0">
    <subfield code="u">https://amvediciones.com/producto/el-mundo-de-los-aceites-esenciales</subfield>
    <subfield code="z">Ficha editorial en l&#xED;nea.</subfield>
  </datafield>
  <datafield tag="942" ind1=" " ind2=" ">
    <subfield code="2">ddc</subfield>
    <subfield code="c">BK</subfield>
  </datafield>
  <datafield tag="980" ind1=" " ind2=" ">
    <subfield code="6">21515</subfield>
    <subfield code="a">ROMINA COBOS Adquisiciones</subfield>
    <subfield code="8">18226</subfield>
    <subfield code="g">Jaime Vilcaz&#xE1;n Jefe de An&#xE1;lisis Documental</subfield>
  </datafield>
  <datafield tag="999" ind1=" " ind2=" ">
    <subfield code="c">63055</subfield>
    <subfield code="d">63054</subfield>
  </datafield>
  <datafield tag="952" ind1=" " ind2=" ">
    <subfield code="r">2025-12-03 00:00:00</subfield>
    <subfield code="l">0</subfield>
    <subfield code="o">668.54 R934u</subfield>
    <subfield code="p">82744</subfield>
    <subfield code="t">e1</subfield>
    <subfield code="v">45.00</subfield>
    <subfield code="w">2025-09-22</subfield>
    <subfield code="x">FIA</subfield>
    <subfield code="y">BK</subfield>
    <subfield code="1">0</subfield>
    <subfield code="2">ddc</subfield>
    <subfield code="5">0</subfield>
    <subfield code="7">0</subfield>
    <subfield code="8">GEN</subfield>
    <subfield code="f">P26</subfield>
    <subfield code="a">BUL</subfield>
    <subfield code="b">BUL</subfield>
    <subfield code="c">GEN</subfield>
    <subfield code="d">2025-09-19</subfield>
    <subfield code="e">COMPRA</subfield>
    <subfield code="g">40.00</subfield>
  </datafield>
  <datafield tag="952" ind1=" " ind2=" ">
    <subfield code="r">2025-12-03 00:00:00</subfield>
    <subfield code="l">0</subfield>
    <subfield code="o">668.54 R934u</subfield>
    <subfield code="p">82914</subfield>
    <subfield code="t">e2</subfield>
    <subfield code="v">51.27</subfield>
    <subfield code="w">2025-11-26</subfield>
    <subfield code="x">FIA</subfield>
    <subfield code="y">BK</subfield>
    <subfield code="1">0</subfield>
    <subfield code="2">ddc</subfield>
    <subfield code="5">0</subfield>
    <subfield code="7">0</subfield>
    <subfield code="8">GEN</subfield>
    <subfield code="f">P26</subfield>
    <subfield code="a">BUL</subfield>
    <subfield code="b">BUL</subfield>
    <subfield code="c">GEN</subfield>
    <subfield code="d">2025-11-25</subfield>
    <subfield code="e">COMPRA, J&amp;X DISTRIBUIDORA</subfield>
    <subfield code="g">46.27</subfield>
  </datafield>
</record>
